[Event "Dortmund Sparkassen op-B 47th"]
[Site "Dortmund"]
[Date "2019.07.20"]
[Round "8"]
[White "Wiesemann, Peter"]
[Black "Rebber, Christian"]
[Result "0-1"]
[WhiteElo "1686"]
[BlackElo "1849"]
[PlyCount "42"]
[EventDate "2019.07.13"]
[EventType "swiss"]
[EventRounds "9"]
[EventCountry "GER"]
[SourceTitle "CBM 192 Extra"]
[Source "Chessbase"]
[SourceDate "2019.11.06"]
[SourceVersion "1"]
[SourceVersionDate "2019.11.06"]
[SourceQuality "1"]

1. d4 d5 2. Nf3 Nf6 3. e3 Bf5 4. c4 e6 5. Nc3 c6 6. cxd5 exd5 7. Bd3 Bxd3 8. Qxd3 Be7 9. 0-0 0-0 10. Bd2 Nbd7 11. Rfe1 Re8 12. e4 dxe4 13. Nxe4 Nxe4 14. Rxe4 Nc5 15. Qe3 Nxe4 16. Qxe4 Bb4 17. Qc2 Bxd2 18. Qxd2 Qd5 19. a3 Rad8 20. Rc1 h6 21. Rc5 Qxc5 0-1

[Event "Dortmund Sparkassen op-B 47th"]
[Site "Dortmund"]
[Date "2019.07.18"]
[Round "6"]
[White "Wiesemann, Peter"]
[Black "Chennamangalam, Ashutosh"]
[Result "1-0"]
[WhiteElo "1686"]
[BlackElo "1561"]
[PlyCount "111"]
[EventDate "2019.07.13"]
[EventType "swiss"]
[EventRounds "9"]
[EventCountry "GER"]
[SourceTitle "CBM 192 Extra"]
[Source "Chessbase"]
[SourceDate "2019.11.06"]
[SourceVersion "1"]
[SourceVersionDate "2019.11.06"]
[SourceQuality "1"]

1. d4 Nf6 2. Bg5 d5 3. e3 e6 4. Nf3 Be7 5. Nbd2 Nbd7 6. Bd3 h6 7. Bh4 0-0 8. 0-0 c5 9. c3 b6 10. e4 c4 11. Bc2 Bb7 12. e5 Nh7 13. Bxe7 Qxe7 14. h4 f6 15. Bg6 f5 16. g3 Rfd8 17. Nh2 Ndf8 18. Bh5 g6 19. Be2 Nd7 20. f4 Kh8 21. Qe1 Rg8 22. Kh1 g5 23. Qf2 Rg7 24. Rg1 Rag8 25. Ndf3 Rg6 26. Raf1 Qg7 27. h5 gxf4 28. hxg6 Qxg6 29. gxf4 Qf7 30. Rxg8+ Qxg8 31. Rg1 Qf7 32. Nh4 Ndf8 33. Qg2 b5 34. Ng6+ Nxg6 35. Qxg6 Qxg6 36. Rxg6 Nf8 37. Rxh6+ Kg7 38. Rh3 a5 39. Nf3 Ng6 40. Rg3 Kh6 41. Rxg6+ Kxg6 42. Ng5 Bc8 43. Kg2 a4 44. a3 Kh6 45. Kg3 Kg6 46. Kh4 Kh6 47. Bh5 Kg7 48. Bf7 Bd7 49. Bxe6 Bc6 50. Bxf5 Kf8 51. Be6 Ke7 52. f5 Bd7 53. f6+ Ke8 54. Bxd5 Kf8 55. e6 Be8 56. e7# 1-0

[Event "Dortmund Sparkassen op-B 47th"]
[Site "Dortmund"]
[Date "2019.07.16"]
[Round "4"]
[White "Wiesemann, Peter"]
[Black "Lang, Nico"]
[Result "1-0"]
[WhiteElo "1686"]
[BlackElo "1543"]
[PlyCount "119"]
[EventDate "2019.07.13"]
[EventType "swiss"]
[EventRounds "9"]
[EventCountry "GER"]
[SourceTitle "CBM 192 Extra"]
[Source "Chessbase"]
[SourceDate "2019.11.06"]
[SourceVersion "1"]
[SourceVersionDate "2019.11.06"]
[SourceQuality "1"]

1. d4 d5 2. Nf3 Bf5 3. c4 e6 4. Nc3 Nc6 5. a3 a5 6. Qb3 Qc8 7. cxd5 a4 8. Qd1 exd5 9. Nxd5 Be4 10. Nc3 Bxf3 11. gxf3 Qd7 12. e3 Nf6 13. Bb5 Rd8 14. Bxa4 Qh3 15. Ke2 Nd7 16. Bxc6 bxc6 17. Qg1 Qe6 18. Qd1 Ne5 19. Qc2 Qc4+ 20. Kd1 Be7 21. b3 Qa6 22. Qe2 Qb7 23. Kc2 Ng6 24. Bb2 0-0 25. Ne4 Rb8 26. Qc4 Nh4 27. Rag1 Kh8 28. d5 Nxf3 29. dxc6 Qb5 30. Qxb5 Rxb5 31. Rxg7 Ne5 32. Rg3 f6 33. b4 Rb6 34. Rhg1 Rxc6+ 35. Kb3 Rb6 36. f4 Ng6 37. Bd4 Ra6 38. Rc1 Rfa8 39. Bb2 Re6 40. Ng5 Rd6 41. Nf7+ Kg7 42. Nxd6 Bxd6 43. Bd4 Kf7 44. Bc5 Ne7 45. Bxd6 cxd6 46. Rc7 Ke6 47. e4 f5 48. Rg7 Re8 49. exf5+ Nxf5 50. Rxh7 Nd4+ 51. Kc4 Ne2 52. Rhf7 d5+ 53. Kd3 Nc1+ 54. Kc2 Ne2 55. f5+ Kd6 56. Rfd7+ Ke5 57. Re7+ Rxe7 58. Rxe7+ Kxf5 59. Rxe2 Kg4 60. Kd3 1-0

[Event "Dortmund Sparkassen op-B 44th"]
[Site "Dortmund"]
[Date "2016.07.12"]
[Round "4"]
[White "Bungarten, Jona"]
[Black "Wiesemann, Peter"]
[Result "0-1"]
[WhiteElo "1522"]
[BlackElo "1712"]
[PlyCount "50"]
[EventDate "2016.07.09"]
[EventType "swiss"]
[EventRounds "9"]
[EventCountry "GER"]
[SourceTitle "CBM 173 Extra"]
[Source "ChessBase"]
[SourceDate "2016.08.29"]
[SourceVersion "1"]
[SourceVersionDate "2016.08.29"]
[SourceQuality "1"]

1. e4 e5 2. Nf3 d6 3. Nc3 Be7 4. Bc4 Nf6 5. 0-0 c5 6. d3 Nc6 7. Re1 Bg4 8. Bb5 0-0 9. Bxc6 bxc6 10. Qe2 Qd7 11. Nd1 Ne8 12. Ne3 Be6 13. Bd2 Rb8 14. b3 Nc7 15. Rad1 f5 16. exf5 Bxf5 17. Bc3 Nd5 18. Nxd5 cxd5 19. Rd2 Bg4 20. Bxe5 Bxf3 21. gxf3 dxe5 22. Qxe5 Bd6 23. Qxd5+ Kh8 24. Kh1 Rf6 25. d4 Qh3 0-1

[Event "Dortmund Sparkassen op-B"]
[Site "Dortmund"]
[Date "2015.06.29"]
[Round "3"]
[White "Wiesemann, Peter"]
[Black "Ophuels, Jan"]
[Result "0-1"]
[WhiteElo "1707"]
[BlackElo "1881"]
[PlyCount "32"]
[EventDate "2015.06.27"]
[EventType "swiss"]
[EventRounds "9"]
[EventCountry "GER"]
[SourceTitle "CBM 167 Extra"]
[Source "ChessBase"]
[SourceDate "2015.09.14"]
[SourceVersion "1"]
[SourceVersionDate "2015.09.14"]
[SourceQuality "1"]

1. d4 Nf6 2. Bg5 g6 3. Bxf6 exf6 4. e3 Bg7 5. c4 d5 6. Nc3 c6 7. cxd5 cxd5 8. Qb3 Be6 9. Qxb7 Nd7 10. Nxd5 Qa5+ 11. Nc3 Rb8 12. b4 Qa3 13. Qc6 0-0 14. Nb5 Qxb4+ 15. Qc3 Rxb5 16. Qxb4 Rxb4 0-1

[Event "Dortmund Sparkassen op-B"]
[Site "Dortmund"]
[Date "2012.07.15"]
[Round "2"]
[White "Wiesemann, Peter"]
[Black "Beyer, Thomas"]
[Result "0-1"]
[WhiteElo "1731"]
[BlackElo "1553"]
[PlyCount "71"]
[EventDate "2012.07.14"]
[EventType "swiss"]
[EventRounds "9"]
[EventCountry "GER"]
[SourceTitle "EXT 2014"]
[Source "ChessBase"]
[SourceDate "2013.11.20"]
[SourceVersion "1"]
[SourceVersionDate "2013.11.20"]
[SourceQuality "1"]

1. d4 f5 2. e4 fxe4 3. Nc3 Nf6 4. Bg5 d5 5. Bxf6 exf6 6. Qh5+ g6 7. Qxd5 Nc6 8. Qxd8+ Nxd8 9. Nxe4 f5 10. Nd2 b6 11. 0-0-0 Bh6 12. Re1+ Kf7 13. Bc4+ Kf6 14. Ngf3 Nf7 15. Bd5 Rb8 16. Bc6 Rd8 17. c3 Be6 18. Kb1 Rd6 19. Ba4 c5 20. Re2 Bxd2 21. Rxd2 cxd4 22. Nxd4 Ne5 23. Re1 Nf7 24. Rde2 Bc4 25. Re3 b5 26. Bb3 Bxb3 27. Nxb3 a6 28. Nd4 Nd8 29. Kc2 h5 30. h4 Rc8 31. Kb3 Rc4 32. g3 Ra4 33. R1e2 Rc4 34. Re7 Rc8 35. a3 Rc5 36. Kc2 0-1

[Event "Moehnesee Cup-B 37th"]
[Site "Moehnesee"]
[Date "2011.09.03"]
[Round "5"]
[White "Wiesemann, Peter"]
[Black "Radinger, Rudolf"]
[Result "1-0"]
[WhiteElo "1737"]
[BlackElo "1612"]
[PlyCount "125"]
[EventDate "2011.09.01"]
[EventType "swiss"]
[EventRounds "7"]
[EventCountry "GER"]
[SourceTitle "EXT 2013"]
[Source "ChessBase"]
[SourceDate "2012.11.22"]
[SourceVersion "1"]
[SourceVersionDate "2012.11.22"]
[SourceQuality "1"]

1. d4 f5 2. e4 fxe4 3. Nc3 Nf6 4. Bg5 d5 5. Bxf6 exf6 6. Qh5+ g6 7. Qxd5 Bb4 8. Qxe4+ Qe7 9. Qxe7+ Kxe7 10. Nge2 c6 11. 0-0-0 Be6 12. a3 Ba5 13. Nf4 Bc7 14. Nxe6 Kxe6 15. Bc4+ Kd7 16. Ne4 Bf4+ 17. Kb1 b5 18. Ba2 f5 19. Nc5+ Kc8 20. Be6+ Kc7 21. Bxf5 Bd6 22. Ne6+ Kb6 23. Be4 Nd7 24. Ng5 Nf6 25. Bf3 Rhe8 26. Rde1 a5 27. Ne4 Nxe4 28. Rxe4 Rxe4 29. Bxe4 b4 30. a4 Re8 31. f3 c5 32. dxc5+ Kxc5 33. h3 Rd8 34. Rd1 Bc7 35. Rxd8 Bxd8 36. Kc1 Kd4 37. Kd2 Bg5+ 38. Ke2 Bf4 39. Kf2 Bc1 40. b3 Bd2 41. Kg3 Be1+ 42. Kg4 Bd2 43. Bd3 Ke5 44. g3 Kf6 45. f4 h6 46. Kf3 Bc1 47. g4 Bd2 48. h4 g5 49. fxg5+ hxg5 50. h5 Kg7 51. Ke4 Bf4 52. Kd4 Bc7 53. c4 bxc3 54. b4 axb4 55. Kc4 Ba5 56. Bc2 Bb6 57. Kxb4 Bd4 58. Kb5 Kf6 59. a5 Ke5 60. a6 Kf4 61. h6 Kxg4 62. h7 Kh5 63. a7 1-0

[Event "Dortmund Sparkassen op-B"]
[Site "Dortmund"]
[Date "2011.07.30"]
[Round "8"]
[White "Schulz, Frank Michael"]
[Black "Wiesemann, Peter"]
[Result "1/2-1/2"]
[WhiteElo "1598"]
[BlackElo "1787"]
[PlyCount "133"]
[EventDate "2011.07.23"]
[EventType "swiss"]
[EventRounds "9"]
[EventCountry "GER"]
[SourceTitle "EXT 2013"]
[Source "ChessBase"]
[SourceDate "2012.11.22"]
[SourceVersion "1"]
[SourceVersionDate "2012.11.22"]
[SourceQuality "1"]

1. d4 g6 2. e4 Bg7 3. c3 d6 4. Nf3 Nf6 5. Bd3 0-0 6. 0-0 c5 7. h3 cxd4 8. cxd4 Nc6 9. Nc3 Qb6 10. Na4 Qd8 11. a3 a6 12. Bg5 b5 13. Nc3 Bb7 14. Rc1 Rc8 15. Re1 e5 16. dxe5 Nxe5 17. Nxe5 dxe5 18. Bb1 Qe7 19. Qb3 Rfd8 20. Rcd1 Qc7 21. Rxd8+ Rxd8 22. Ba2 Rd3 23. Bxf6 Bxf6 24. Rd1 Rxd1+ 25. Qxd1 Kg7 26. Nd5 Qd7 27. Qb3 Bd8 28. Qc3 Qd6 29. Qe3 Bxd5 30. Bxd5 Bb6 31. Qf3 Qc7 32. Qc3 Qxc3 33. bxc3 Bc5 34. Bb7 a5 35. Bc6 Bxa3 36. Bxb5 f5 37. f3 Kf6 38. Kf2 Bb2 39. c4 Bd4+ 40. Ke2 Kg5 41. exf5 gxf5 42. g4 e4 43. gxf5 e3 44. Bd7 Kf4 45. f6 Bxf6 46. c5 Be5 47. c6 Bc7 48. Be6 a4 49. h4 a3 50. h5 h6 51. Bd5 Bb6 52. Ba2 Kg5 53. Bf7 Kf6 54. Ba2 Ke7 55. f4 Kd6 56. f5 Kxc6 57. f6 Kd6 58. f7 Ke7 59. Bc4 Bc5 60. Ba2 Kf6 61. f8Q+ Bxf8 62. Kxe3 Kg5 63. Bf7 Kf6 64. Ba2 Ke5 65. Bf7 Bg7 66. Kd3 Kd6 67. Kc2 1/2-1/2

[Event "Dortmund Sparkassen op-B"]
[Site "Dortmund"]
[Date "2010.07.19"]
[Round "3"]
[White "Fechner, Manfred"]
[Black "Wiesemann, Peter"]
[Result "0-1"]
[WhiteElo "1469"]
[BlackElo "1787"]
[PlyCount "72"]
[EventDate "2010.07.17"]
[EventType "swiss"]
[EventRounds "9"]
[EventCountry "GER"]
[SourceTitle "EXT 2014"]
[Source "ChessBase"]
[SourceDate "2013.11.20"]
[SourceVersion "1"]
[SourceVersionDate "2013.11.20"]
[SourceQuality "1"]

1. e4 e5 2. Nf3 d6 3. d4 exd4 4. Nxd4 Be7 5. Bc4 Nf6 6. Nc3 0-0 7. Be3 Nbd7 8. Qd2 Ne5 9. Bb3 a6 10. a4 c5 11. Nf3 Bd7 12. Nxe5 dxe5 13. f3 Qc7 14. Nd5 Nxd5 15. Bxd5 Rad8 16. c4 Kh8 17. Qf2 f5 18. Qc2 f4 19. Bf2 Rf6 20. a5 Rg6 21. g4 fxg3 22. hxg3 Rf8 23. Ke2 Rgf6 24. Rh2 Be8 25. Rah1 Bg6 26. Qd2 Rxf3 27. Qe1 Bg5 28. Qf1 Qe7 29. Qd1 Qc7 30. Qg1 Qxa5 31. Be1 Qb6 32. Kd1 Qb3+ 33. Rc2 Rd3+ 34. Bd2 Rxd2+ 35. Ke1 Qxc2 36. Qxc5 Qc1# 0-1

[Event "Dortmund op-B"]
[Site "Dortmund"]
[Date "2009.07.12"]
[Round "9"]
[White "Wiesemann, Peter"]
[Black "Herrmann, Uwe"]
[Result "1/2-1/2"]
[WhiteElo "1787"]
[BlackElo "1880"]
[PlyCount "36"]
[EventDate "2009.07.04"]
[EventType "swiss"]
[EventRounds "9"]
[EventCountry "GER"]
[SourceTitle "EXT 2012"]
[Source "ChessBase"]
[SourceDate "2011.11.24"]
[SourceVersion "1"]
[SourceVersionDate "2011.11.24"]
[SourceQuality "1"]

1. d4 g6 2. c4 Nf6 3. Nc3 Bg7 4. e4 d6 5. f4 0-0 6. Nf3 c5 7. d5 Nbd7 8. Bd3 a6 9. a4 e6 10. dxe6 fxe6 11. 0-0 Qe7 12. Qc2 b6 13. Bd2 Bb7 14. Rae1 Rae8 15. f5 e5 16. Ng5 Bh8 17. Ne6 Rf7 18. Ng5 Rff8 1/2-1/2

[Event "Dortmund op-B"]
[Site "Dortmund"]
[Date "2009.07.10"]
[Round "7"]
[White "Wiesemann, Peter"]
[Black "Grosse Venhaus, Peter"]
[Result "1-0"]
[WhiteElo "1787"]
[BlackElo "1603"]
[PlyCount "60"]
[EventDate "2009.07.04"]
[EventType "swiss"]
[EventRounds "9"]
[EventCountry "GER"]
[SourceTitle "EXT 2012"]
[Source "ChessBase"]
[SourceDate "2011.11.24"]
[SourceVersion "1"]
[SourceVersionDate "2011.11.24"]
[SourceQuality "1"]

1. d4 d5 2. Nf3 Nf6 3. e3 Nbd7 4. Nbd2 g6 5. c4 c6 6. cxd5 cxd5 7. b4 Bg7 8. Bb2 0-0 9. Be2 b6 10. 0-0 Bb7 11. Qa4 a6 12. Rfc1 b5 13. Qd1 Nb6 14. Nb3 Qd6 15. Nc5 Rfb8 16. Bc3 Bc8 17. a4 bxa4 18. Nxa4 Nxa4 19. Rxa4 Bb7 20. Ne5 Rc8 21. Nd3 Ne4 22. Nc5 Nxc3 23. Rxc3 Rc7 24. Rca3 Bc8 25. b5 Rxc5 26. dxc5 Qxc5 27. bxa6 Bd7 28. Ra5 Qb4 29. Qxd5 Rxa6 30. Rxa6 Qb1+ 1-0

[Event "Dortmund op-B"]
[Site "Dortmund"]
[Date "2007.06.30"]
[Round "8"]
[White "Szobries, Harald"]
[Black "Wiesemann, Peter"]
[Result "1-0"]
[WhiteElo "1834"]
[BlackElo "1759"]
[PlyCount "53"]
[EventDate "2007.06.22"]
[EventType "swiss"]
[EventRounds "9"]
[EventCountry "GER"]
[SourceTitle "EXT 2008"]
[Source "ChessBase"]
[SourceDate "2007.11.25"]
[SourceVersion "1"]
[SourceVersionDate "2007.11.25"]
[SourceQuality "1"]

1. e4 c6 2. d4 d5 3. exd5 cxd5 4. Bd3 Nc6 5. c3 Nf6 6. Bf4 e6 7. Nf3 Bd6 8. Bxd6 Qxd6 9. 0-0 0-0 10. Re1 Re8 11. Ne5 Nd7 12. f4 Nf8 13. Qh5 g6 14. Qh6 Qe7 15. Nd2 Nxe5 16. fxe5 f6 17. exf6 Qxf6 18. Nf3 Re7 19. Re3 Bd7 20. Ne5 Qg7 21. Qh4 Be8 22. Rf1 Nd7 23. Ng4 e5 24. dxe5 Nxe5 25. Rfe1 Nc6 26. Rxe7 Nxe7 27. Rxe7 1-0